ბათუმის შოთა რუსთაველის სახელმწიფო უნივერსიტეტის ბიბლიოთეკა

საღამო გამოსალმებისა:თხზულებანი (ბიბ.ჩანაწერი № 43087)

000 -LEADER
fixed length control field 00747nam a2200217Ia 4500
001 - CONTROL NUMBER
control field 9807
003 - CONTROL NUMBER IDENTIFIER
control field GE_BSU
008 - FIXED-LENGTH DATA ELEMENTS--GENERAL INFORMATION
fixed length control field 181216s||||||||xx |||||||||||||| ||und||
040 ## - CATALOGING SOURCE
Transcribing agency GE_BSU
080 ## - UNIVERSAL DECIMAL CLASSIFICATION NUMBER
Universal Decimal Classification number 821.353.1–1+821.353.1-32+821.161.1-1
100 ## - MAIN ENTRY--PERSONAL NAME
Personal name ორბელიანი, გრიგოლ.
245 ## - TITLE STATEMENT
Title საღამო გამოსალმებისა:თხზულებანი
245 ## - TITLE STATEMENT
Statement of responsibility, etc. რედ.ს. ნარიმანიძე
260 ## - PUBLICATION, DISTRIBUTION, ETC.
Place of publication, distribution, etc. თბილისი
260 ## - PUBLICATION, DISTRIBUTION, ETC.
Name of publisher, distributor, etc. მერანი
260 ## - PUBLICATION, DISTRIBUTION, ETC.
Date of publication, distribution, etc. 1989
300 ## - PHYSICAL DESCRIPTION
Extent 493გვ.1ფ.პორტრ.21სმ.
653 ## - INDEX TERM--UNCONTROLLED
Uncontrolled term თხზულებანი
653 ## - INDEX TERM--UNCONTROLLED
Uncontrolled term საღამო გამოსალმებისა
942 ## - ADDED ENTRY ELEMENTS (KOHA)
Koha item type წიგნი
ეგზემპლარები
Withdrawn status Lost status Damaged status Not for loan Date acquired Barcode Date last seen Price effective from Koha item type
        2018-12-17 33136 2018-12-17 2018-12-17 წიგნი
        2018-12-17 33137 2018-12-17 2018-12-17 წიგნი
        2018-12-17 33138 2018-12-17 2018-12-17 წიგნი
        2018-12-17 33139 2018-12-17 2018-12-17 წიგნი